| 000 | 00646nam a22001937a 4500 | ||
|---|---|---|---|
| 999 |
_c195352 _d195352 |
||
| 005 | 20230321143424.0 | ||
| 010 | _aUR-11892 | ||
| 020 |
_a9789380395869 _c200.00 |
||
| 035 | _aU-10447 | ||
| 037 | _bDBAD/PUB | ||
| 082 | _a921 | ||
| 100 | _aنز یر فتح پو ری | ||
| 245 |
_aشاعرہ مصوّرہ پر وین شیر / _cنز یر فتح پو ری |
||
| 246 |
_aShaira Musawwira Parveen Sher / _bby Nazeer Fatehpuri |
||
| 260 |
_aPune _bAsbaque Publications _c2023 ء |
||
| 270 |
_a230/B/102, Viman Darshan, Sanjay Park, Lohgaon Road _bPune _e411032 |
||
| 300 |
_a128 ص _c22cm(Hb) |
||
| 942 |
_2ddc _cUR _h921 _mن ز ی |
||